| 000 | 00000nam 2200000za 4500 |
| 001 | 9.864220 |
| 003 | CaOODSP |
| 005 | 20221107161501 |
| 007 | cr ||||||||||| |
| 008 | 181105s1978 onc #o f|0| 0 fre d |
| 020 | |z0660017032 |
| 040 | |aCaOODSP|bfre |
| 043 | |an-cn--- |
| 086 | 1 |aR61-2/1-18F-PDF|z R61-2/1-18F |
| 100 | 1 |aBaker, Raymond F. |
| 245 | 14|aUne champagne d'amateurs |h[ressource électronique] : |ble siege de Louisbourg en 1745 / |cpar Raymond F. Baker. |
| 246 | 15|aConstruction et occupation des casernes du bastion du Roi |
| 260 | |aOttawa : |bDirection des lieux et des parcs historiques nationaux, Parcs Canada, Ministère des Affaires indiennes et du Nord, |c1978. |
| 300 | |a155 p. : |bill. |
| 490 | 1 |aLieux historiques canadiens. Cahiers d'archéologie et d'histoire ; |vnº 18 |
| 500 | |aPubl. aussi en anglais sous le titre : A campaign of amateurs: the siege of Louisbourg, 1745. |
| 500 | |aTitre de la p. de t. addit. : Construction et occupation des casernes du bastion du Roi par Blaine Adams. |
| 500 | |aÉdition numérisée de l’imprimée [par History of Parks Canada Electronic Library]. |
| 504 | |aComprend des références bibliographiques. |
| 520 | |a« Le matin du 11 mai 1745, quelque 90 bâtiments de transport escortés d'une escadrille britannique entrèrent dans la baie Gabarus [aujourd'hui baie Gabarouse] dans l'île du Cap-Breton. A leur bord se trouvaient neuf régiments levés à la hâte parmi les habitants des colonies du Massachusetts, du New Hampshire et du Connecticut. Leur but: conquérir la grande forteresse française du Louisbourg; et c'est précisément ce que ces troupes accomplirent pendant les 47 jours qui suivirent, détruisant ainsi le mythe d'invincibilité dont commençait à jouir la forteresse »--Sommaire, p. 6. |
| 692 | 07|2gccst|aLieu historique |
| 692 | 07|2gccst|aHistoire du Canada |
| 700 | 1 |aAdams, Blaine. |
| 710 | 1 |aCanada.|bAffaires indiennes et du Nord. |
| 710 | 2 |aParcs Canada. |
| 775 | 08|tA campaign of amateurs |w(CaOODSP)9.864216 |
| 830 | #0|aLieux historiques canadiens. Cahiers d'archéologie et d'histoire ;|vnº 18.|w(CaOODSP)9.853442 |
| 856 | 40|qPDF|s83.85 Mo|uhttps://publications.gc.ca/collections/collection_2018/pc/R61-2-1-18-fra.pdf |